000 00378nam a22001457a 4500
999 _c7909
_d7909
003 OSt
005 20200603130007.0
008 200603b ||||| |||| 00| 0 eng d
020 _a9780985467456
082 _a747.8521
_bHAN
110 _aHangman John and Groeber (editor)
245 _aStores of the Year No. 21
260 _aNew York
_bRSD Publishing,Inc
_c15, 2016
942 _2ddc